Intensive care experience among intensive care unit survivors /
محفوظ في:
| المؤلف الرئيسي: | |
|---|---|
| التنسيق: | أطروحة |
| اللغة: | English |
| منشور في: |
Chiang Mai, Thailand :
Graduate School, Chiang Mai University,
2015
|
| الموضوعات: | |
| الوسوم: |
إضافة وسم
لا توجد وسوم, كن أول من يضع وسما على هذه التسجيلة!
|
| LEADER | 010420000a22002530004500 | ||
|---|---|---|---|
| 008 | 151231s2015 th ao f m 000 0 eng d | ||
| 040 | |a UIAM |b eng |e rda | ||
| 041 | |a eng tha | ||
| 050 | 0 | |a RA975.5.I56 | |
| 100 | 1 | |a Suzilawati Mohamed Ariffin, |e author | |
| 245 | 1 | 0 | |a Intensive care experience among intensive care unit survivors / |c by Suzilawati Mohamed Ariffin |
| 264 | 1 | |a Chiang Mai, Thailand : |b Graduate School, Chiang Mai University, |c 2015 | |
| 300 | |a x, 109 leaves : |b illustrations ; |c 30 cm. | ||
| 336 | |2 rdacontent |a text | ||
| 337 | |2 rdamedia |a unmediated | ||
| 338 | |2 rdacarrier |a volume | ||
| 502 | |a Thesis (M.N.S)--Chiang Mai University, 2015. | ||
| 504 | |a Includes bibliographical references (leaves 62-73). | ||
| 596 | |a 6 | ||
| 655 | 0 | 7 | |a Theses, IIUM foreign |
| 710 | 2 | |a Chiang Mai University. |b Graduate School | |
| 900 | |a oc-amr-hj-a jt | ||
| 999 | |c 438033 |d 469014 | ||
| 952 | |0 0 |6 T RA 000975.5 I56 S968I 2015 |7 0 |8 THESES |9 760822 |a KIMC |b KIMC |c CLOSEACCES |g 0.00 |o t RA 975.5 I56 S968I 2015 |p 11100342659 |r 2019-09-04 |t 1 |v 0.00 |y THESIS | ||
